000 01616nam a22002177a 4500
008 251024b |||||||| |||| 00| 0 eng d
020 _a9781577152194
040 _ctbs
041 _aeng
_hPersian
100 _aJalāl al-Dīn Rūmī, Maulana
_d1207-1273
_926332
_eauthor
245 _a The friendship poems of Rumi
_c/ translated by Nader Khalili.
260 _aNew York, NY :
_bWellfleet Press,
_c2020
300 _a128 pages :
_billustratons (color) ;
_c21 cm.
490 _aTimeless Rumi
505 _aAn Introduction to Rumi's Friendship Poetry — Fountain of Fire — Dancing the Flame — About the Translator.
520 _aFor more than eight centuries, Jalaluddin Muhammad Balkhi Rumi—commonly referred to simply as Rumi—has enchanted and enthralled readers from every faith and background with his universal themes of love, friendship, and spirituality, which he seamlessly wove into resplendent poetry. The verses perfectly express the universal importance of friendship in its many forms. A perfect gift to celebrate a special friendship, allow Rumi to exquisitely express the deeper meanings of being, and having, a friend in your life. With intricately designed and richly colored covers that mirror the beauty of the words within, the Timeless Rumi series presents themed collections of poems from the great Sufi mystic Jalaluddin Muhammad Balkhi Rumi that serve as cherished tools for self-reflection.
600 0 _aJalāl al-Dīn Rūmī, Maulana, 1207-1273
_xTranslations into English
_926334
655 0 _aPoetry
_923162
700 _aKhalili, Nader
_926333
_etranslator
942 _2lcc
999 _c5109
_d5109